000 00849nam a2200253Ia 4500
003 OSt
005 20221005111453.0
006 a|||||r|||| 00| 0
007 ta
008 221004b |||||||| |||| 00| 0 hin d
024 _a23866
037 _cTextual
040 _aCRL
_cCRL
_bhin
041 _2hin
_ahin
082 _aO152,3N47,KH, N4
100 _aवन्द्योपाध्याय, प्रणव कुमार
245 0 _aख़बर
246 _aKha़bara
260 _aनई दिल्ली
_bशारदा प्रकाशन भारत
_c1994
300 _a203पृ0
_ccm.
650 _aहिन्दी साहित्य
942 _hO152,3N47,KH, N4
_cTEXL
_2cc
999 _c1021928
_d1021928